000 01052nam a22003017a 4500
003 OSt
005 20260224150733.0
008 260224b |||||||| |||| 00| 0 eng d
020 _a8485855892
037 _aDonación
040 _aCO-JMCR
_bspa
_cCO-JMCR
_dCO-JMCR
_erda
041 _aspa
082 _223
_a332.1
_bBF7e
100 _aFreixas, Xavier
_d1949 -
_944540
245 _aEconomía bancaria
_cXavier Freixas, Jean-Charles Rochet ; traducción de María Esther Rabasco y Luis Toharia
246 _aMicroeconomics of banking
260 _aBarcelona :
_bBanco Bilbao Vizcaya, Antonio Bosch Editor,
_c1997.
300 _a378 páginas :
_bilustraciones ;
_c24 cm.
504 _aIncluye bibliografía.
650 _aBancos
650 _aEconomía
650 _aOperaciones bancarias
_938924
650 _aRegulación bancaria
_944541
700 _aRabasco Espariz, María Esther,
_dTraductor.
_944542
700 _aRochet, Jean-Charles.
_dtraductor.
_944543
700 _aToharia Cortés Luis,
_dtraductor.
_944544
942 _2ddc
_cBK
999 _c31154
_d17538